| 000 | 00488nam a2200181Ia 4500 | ||
|---|---|---|---|
| 005 | 20250326142823.0 | ||
| 008 | 250326s9999 xx 000 0 und d | ||
| 037 | _aTextbook | ||
| 040 |
_aFMSL _beng _cFMSL |
||
| 041 |
_aeng _2eng |
||
| 084 |
_aX:8 M2 _qFMSL |
||
| 100 |
_aDE Greene K B _9746663 |
||
| 245 | 4 |
_aThe adaptive organization _cDE Greene K B |
|
| 260 |
_aJohan _bJohan, Willey & Sons _c1982 |
||
| 300 | _a411p | ||
| 942 |
_cTB _hX:8 M2 |
||
| 999 |
_c1296787 _d1296787 |
||